| 000 | 00663cam a22002291 4500 | ||
|---|---|---|---|
| 001 | sa 67004967 | ||
| 003 | DLC | ||
| 005 | 20260227112352.0 | ||
| 008 | 830228s1967 ii a 000 1 eng | ||
| 010 | _asa 67004967 | ||
| 025 | _aPL480:I-E-8244 | ||
| 035 | _a(OCoLC)9264251 | ||
| 040 |
_aDLC _cCtW _dTxU _dDLC |
||
| 050 | 0 | 0 |
_aPZ4.S5316 _bTu |
| 100 | 1 | _aSharma, Kunti. | |
| 245 | 1 | 0 | _aTulasidas Ramayana. |
| 260 |
_a[Madras] _bHigginbothams _c[1967] |
||
| 300 |
_a241 p. _billus. _c21 cm. |
||
| 500 | _aA retelling of Tulasīdāsa's Rāmacaritamānasa. | ||
| 650 | 0 |
_aRāma (Hindu deity) _vFiction. |
|
| 700 | 0 |
_aTulasīdāsa, _d1532-1623. _tRāmacaritamānasa. |
|
| 999 |
_c74863 _d74863 |
||